000
00284nam a2200109Ia 4500
008
230627s9999 xx 000 0 und d
041
_a
mar
082
_a
346.059
_b
SHA
100
_a
Shah, K N
245
_a
The Bombay Public Trust Act, 1950
260
_a
Pune
_b
Hind Law Publication
_c
2005
999
_c
688591
_d
688591